Summer Olympics Host Cities by Clue - Statistics

General Stats
  • This quiz has been taken 16,910 times
  • The average score is 17 of 24
Answer Stats
Hint City % Correct
The first city to host the modern Olympic Games Athens
96%
When visiting this city, make sure to throw a coin in Trevi Fountain Rome
93%
The world's largest city in the year 1900 London
91%
Construction on the Sagrada Família church has been ongoing since 1882 Barcelona
88%
The "Walk of Fame" is a major tourist attraction Los Angeles
86%
The Forbidden City can be found here Beijing
84%
Founded on the ruins of Tenochtitlan Mexico City
83%
The only city in South America to host the games Rio de Janeiro
83%
The largest city in southern Germany Munich
82%
The first Olympic host in Asia Tokyo
82%
Its largest airport has the code CDG Paris
79%
Jesse Owens won four gold medals at this city's games Berlin
76%
The United States boycotted the Olympics held here Moscow
75%
Located about 50 km south of the Demilitarized Zone Seoul
74%
The capital of Queensland, Australia Brisbane
69%
Where the Coca-Cola corporation is based Atlanta
65%
The southernmost city to host the Olympics Melbourne
63%
The northernmost city to host the Olympics Helsinki
59%
Built on an island in the St. Lawrence river Montreal
55%
This city's Botany Bay was visited by captain James Cook in 1770 Sydney
52%
Has the lowest elevation of any Olympic host Amsterdam
50%
In 1973, bank robbers took hostages and the hostages sympathized with the robbers! Stockholm
47%
The hub of the world's diamond trade Antwerp
46%
Charles Lindbergh's plane was named for this city St. Louis
43%
No matching quizzes found
Score Distribution
Percent of People with Each Score
Percentile by Number Answered
Your Score History
You have not taken this quiz